| 000 | 00522nam a2200169Ia 4500 | ||
|---|---|---|---|
| 003 | GCL | ||
| 008 | 140319s9999 xx 000 0 ara d | ||
| 040 |
_aGCL / _cGCL |
||
| 082 | 0 | 4 |
_a301.45 _bم ع |
| 100 | 1 | _aمحمد الجوهرى | |
| 245 | 1 | 0 |
_aمقدمة فى علم الاجتماع الصناعى / _cمحمد الجوهرى |
| 260 |
_a[S.N] : _bلا يوجد |
||
| 300 | _a276 | ||
| 490 |
_aسلسلة علم الاجتماع المعاصر _v0 |
||
| 650 | 0 | 4 | _aالاجتماع الصناعى |
| 942 |
_2ddc _cBK |
||
| 999 |
_c33869 _d33869 |
||